| 000 | 00574nam a22001817a 4500 | ||
|---|---|---|---|
| 999 |
_c184012 _d184012 |
||
| 005 | 20220110152754.0 | ||
| 010 | _aENG-131059 | ||
| 020 |
_a978-93-52-839-322 _c495.00 |
||
| 035 | _aEN-114591 | ||
| 037 | _bDBAD | ||
| 082 | _a485 | ||
| 100 | _aSingh, Meena | ||
| 245 |
_aISC ART OF EFFECTIVE ENGLISH: _cMeena Singh, O.P. Singh _bFor Classes XI-XII/ |
||
| 260 |
_aNew Delhi _bS Chand School Books _c2013 |
||
| 270 |
_bNew Delhi _aA-27, 2nd Floor, Mohan Co-operative Industrial Estate _e110044 |
||
| 300 |
_a534p. _c23cm(pbk) |
||
| 942 |
_2ddc _cEN _h485 _mSIN |
||